Alle wichtigen menschlichen Organe - Statistiken

Allgemein
  • Dieses Quiz wurde 139 mal gespielt
  • Das Durchschnittsergebnis liegt bei 19 aus 39
Antwortstatistiken
Antworten % Korrekt
Niere
97%
Herz
96%
Lunge
94%
Leber
93%
Haut
92%
Dickdarm
90%
Dünndarm
90%
Gehirn
86%
Magen
86%
Auge
83%
Ohr
83%
Nase
81%
Milz
71%
Zunge
70%
Bauchspeicheldrüse
66%
Penis
60%
Gebärmutter
57%
Gallenblase
54%
Hoden
53%
Speiseröhre
52%
Eierstock
51%
Harnblase
35%
Luftröhre
35%
Scheide
33%
Schilddrüse
32%
Prostata
30%
Eileiter
26%
Harnröhre
25%
Nebenniere
18%
Kehlkopf
14%
Mandeln
13%
Samenleiter
13%
Harnleiter
12%
Nebenhoden
8%
Nebenschilddrüse
5%
Thymus
5%
Hypophyse
3%
Brustdrüse
2%
Zirbeldrüse
1%
Keine übereinstimmenden Quizze gefunden
Verteilung der Resultate
Anzahl Personen mit jedem Resultat
Perzentil nach korrekt beantworteten Fragen
Ihre Resultats-Entwicklung
Sie haben dieses Quiz noch nicht gespielt